The joy luck club

محفوظ في:
التفاصيل البيبلوغرافية
المؤلف الرئيسي: Tan, Amy
التنسيق: كتاب
اللغة:Undetermined
منشور في: Oxford Oxford University Press 2002
الموضوعات:
الوسوم: إضافة وسم
لا توجد وسوم, كن أول من يضع وسما على هذه التسجيلة!
Thư viện lưu trữ: Trung tâm Học liệu Trường Đại học Cần Thơ
LEADER 00498nam a2200193Ia 4500
001 CTU_88457
008 210402s9999 xx 000 0 und d
020 |c 44000 
082 |a 813.54 
082 |b T161 
100 |a Tan, Amy 
245 4 |a The joy luck club 
245 0 |c Amy Tan 
260 |a Oxford 
260 |b Oxford University Press 
260 |c 2002 
650 |a American fiction,American literature 
904 |i Giang,Hải 
980 |a Trung tâm Học liệu Trường Đại học Cần Thơ